000 00205nam a22000857a 4500
001 1235206
005 20250930112122.0
245 _aAŞK VE DOSLUK
_cBRIGITTE LABBE
260 _bGÜNIŞIĞI KİTAPLIĞI YAYINLARI
999 _c1235206
_d1235206